000 00261nam a22000857a 4500
008 170113b xxu||||| |||| 00| 0 eng d
100 _92376
_aKaul. N
245 _aBroadway: A Multi skill Course in English- Literature Reader-4
260 _aNew Delhi
_bOxford Press
_c2005
999 _c5375
_d5375